Cơ sở lí thuyết các phản ứng hóa học
Cung cấp những kiến thức cơ bản về cơ sở nhiệt động lực hoá học, động hoá học, cân bằng hoá học, phản ứng axit - bazơ, phản ứng ôxy hoá khử và một số vấn đề ứng dụng của phản ứng ôxy hoá khử...
Uloženo v:
| Hlavní autor: | |
|---|---|
| Další autoři: | |
| Médium: | Kniha |
| Jazyk: | Undetermined |
| Vydáno: |
H.
Giáo dục Việt Nam
2010
|
| Témata: | |
| On-line přístup: | http://lrc.tdmu.edu.vn/opac/search/detail.asp?aID=2&ID=7752 |
| Tagy: |
Přidat tag
Žádné tagy, Buďte první, kdo otaguje tento záznam!
|
| Thư viện lưu trữ: | Trung tâm Học liệu Trường Đại học Thủ Dầu Một |
|---|
| LEADER | 01062nam a2200217Ia 4500 | ||
|---|---|---|---|
| 001 | TDMU_7752 | ||
| 008 | 210410s9999 xx 000 0 und d | ||
| 082 | |a 541 | ||
| 090 | |b TR121 | ||
| 100 | |a Trần, Thị Đà | ||
| 245 | 0 | |a Cơ sở lí thuyết các phản ứng hóa học | |
| 245 | 0 | |c Trần Thị Đà, Đặng Trần Phách | |
| 260 | |a H. | ||
| 260 | |b Giáo dục Việt Nam | ||
| 260 | |c 2010 | ||
| 300 | |a 503tr | ||
| 520 | |a Cung cấp những kiến thức cơ bản về cơ sở nhiệt động lực hoá học, động hoá học, cân bằng hoá học, phản ứng axit - bazơ, phản ứng ôxy hoá khử và một số vấn đề ứng dụng của phản ứng ôxy hoá khử | ||
| 650 | |a Hóa lí; Nhiệt động hóa học; Phản ứng hóa học | ||
| 700 | |a Đặng, Trần Phách | ||
| 856 | |u http://lrc.tdmu.edu.vn/opac/search/detail.asp?aID=2&ID=7752 | ||
| 980 | |a Trung tâm Học liệu Trường Đại học Thủ Dầu Một | ||